| 000 | 00924cam a2200241 a 4500 | ||
|---|---|---|---|
| 003 | OSt | ||
| 005 | 20260205115814.0 | ||
| 008 | 921216s1993 coua bs 001 0 eng | ||
| 020 |
_a0813316189 _qalk. paper |
||
| 020 |
_a0813316197 _qpbk. : alk. paper |
||
| 040 |
_aKABLIB _cKABLIB _beng |
||
| 082 | 0 | 0 |
_a338.9 _223 _bOST |
| 100 | 1 |
_aOstrom, Elinor. _915199 |
|
| 245 | 1 | 0 |
_aInstitutional incentives and sustainable development : _binfrastructure policies in perspective / _cElinor Ostrom, Larry Schroeder, Susan Wynne. |
| 260 |
_aBoulder : _bWestview Press, _c1993. |
||
| 300 |
_axxi, 266 p. : _bill. ; _c24 cm. |
||
| 504 | _aIncludes bibliographical references (p. 235-255) and index. | ||
| 650 | 0 |
_aInfrastructure (Economics) _zDeveloping countries. _915200 |
|
| 650 | 0 |
_aSustainable development _zDeveloping countries. _915201 |
|
| 700 | 1 |
_aSchroeder, Larry D. _915202 |
|
| 700 | 1 |
_aWynne, Susan G. _915203 |
|
| 942 |
_2ddc _cBOOK |
||
| 999 |
_c6018 _d6018 |
||